00849cam a2200241 a 450000100100000000500170001000800410002704000310006808200190009910000430011824500430016126000560020430000270026049000140028749000130030150400290031465000290034365000310037283000330040391000340043695201220047099900150059200000620720200929153913.0790205s1964 ag a 001 p spa  aDO-SdBNPcNBuUdOCoLCdDLC aA861.44bH528m1 aHenzo d'Alessio, Rafael,d1922-91736910aMujerhombre /cRafael Henzo d'Alessio. aBuenos Aires, Argentina :bSeijas-Goyanarte,c1964. a66 p. :bil. ;c21 cm.1 aVertellos1 aPoesía aIncluye índice (p. 65) 4aPoesía argentina93859 4aLiteratura argentina93860 0aVertellos,ppoesía.917370 aCatalogación por copia / LC 001052708MOaGRbGRcCTd2009-08-26iLF1l0oA861.44 H528mp6207-10r2020-06-25w2020-06-25y2ZPréstamo interno c6002d6002